00591nam a22001697a 450000500170000001000150001702000260003203500140005803700130007208200120008510000170009724500850011426000400019927001220023930000200036150000400038120190618163648.0 aENG-125669 a9789388398961c500.00 aEN-109201 bDBAD/PUB a332.109 aGanesh Kumar aFinancial inclusion for inclusive growth /cby Ganesh Kumar [and] C. Paramasivan aChennaibShanlax Publicationsc2019 a61, 66 T.P.K. Main RoadbVasantha Nagar, Maduraie625003k0452-4208765, 7639303383mpublisher@shanlaxpublications.com a83p;c22cm(pbk) aIncludes bibliographical references